01114nam a22002177a 4500003001000000005001700010007000300027008004100030020001500071040003000086041001300116100004100129245004600170250001100216260003500227300002200262490005500284520050100339650003700840655001900877AR-RoUNCS20260511152328.0ta260511s1980 sp |||||r|||| 00| 1 spa d a840206809X aAR-RoUNCSbspacAR-RoUNCS1 aspaheng1 aHemingway, Ernest,d1899-1961eautor10aAdiós a las armas / cErnest Hemingway. a1a ed. aBarcelona : bBruguera,c1980. a315 p. ; c18 cm.0 aColección de Literatura Universal Bruguera ; v6 aNarra una historia de amor entre el soldado joven e idealista llamado Frederick Henry con la enfermera Catherine Barkley en la Italia de la Primera Guerra Mundial. La novela es en su mayor parte autobiográfica. Ernest Hemingway realmente fue conductor de ambulancias voluntario en el ejército italiano, fue herido en las piernas y conoció a una enfermera con la que vivió una historia similar de amor. Esto le permitió usar sus recuerdos para crear un relato bélico crudo y realista. 72embneaLiteratura norteamericana 72embneaNovelas